000
00461nam a2200133Ia 4500
008
100328s9999 xx 000 0 und d
082
_b
38938
100
_a
तांबे नरेन
245
_a
अजब दुनिया अफाट माणसे
260
_b
चेतश्री
630
_a
अजब दुनिया अफाट माणसे
730
_a
अजब दुनिया अफाट माणसे
942
_c
BOOK
999
_c
528010
_d
528007